Кластеризация изображений в грид системе; Перспективы развития фундаментальных наук; Т. 7 : IT-технологии и электроника
| Parent link: | Перспективы развития фундаментальных наук=Prospects of Fundamental Sciences Development: сборник научных трудов XVI Международной конференции студентов, аспирантов и молодых ученых, г. Томск, 23-26 апреля 2019 г./ Национальный исследовательский Томский политехнический университет (ТПУ) ; под ред. И. А. Курзиной, Г. А. Вороновой.— , 2019 Т. 7 : IT-технологии и электроника.— 2019.— [101-103] |
|---|---|
| المؤلف الرئيسي: | |
| مؤلف مشترك: | |
| مؤلفون آخرون: | |
| الملخص: | Заглавие с экрана This paper shows the feasibility of creating software that allows you to distribute the highload on the main features identification of images for their further clustering in grid computing systems. |
| اللغة: | الروسية |
| منشور في: |
2019
|
| الموضوعات: | |
| الوصول للمادة أونلاين: | http://earchive.tpu.ru/handle/11683/55947 |
| التنسيق: | MixedMaterials الكتروني فصل الكتاب |
| KOHA link: | https://koha.lib.tpu.ru/cgi-bin/koha/opac-detail.pl?biblionumber=629791 |
MARC
| LEADER | 00000naa2a2200000 4500 | ||
|---|---|---|---|
| 001 | 629791 | ||
| 005 | 20231101133559.0 | ||
| 035 | |a (RuTPU)RU\TPU\conf\30557 | ||
| 035 | |a RU\TPU\conf\30555 | ||
| 090 | |a 629791 | ||
| 100 | |a 20190926d2019 k y0rusy50 ca | ||
| 101 | 0 | |a rus |d eng | |
| 102 | |a RU | ||
| 105 | |a y z 100zy | ||
| 135 | |a drgn ---uucaa | ||
| 181 | 0 | |a i | |
| 182 | 0 | |a b | |
| 200 | 1 | |a Кластеризация изображений в грид системе |d Image clustering in grid computing |f О. В. Лобанов |g науч. рук. А. Ю. Дёмин | |
| 203 | |a Текст |c электронный | ||
| 230 | |a 1 компьютерный файл (pdf; 184 Kb) | ||
| 300 | |a Заглавие с экрана | ||
| 320 | |a [Библиогр.: с. 103 (3 назв.)] | ||
| 330 | |a This paper shows the feasibility of creating software that allows you to distribute the highload on the main features identification of images for their further clustering in grid computing systems. | ||
| 461 | 1 | |0 (RuTPU)RU\TPU\conf\30347 |t Перспективы развития фундаментальных наук |l Prospects of Fundamental Sciences Development |o сборник научных трудов XVI Международной конференции студентов, аспирантов и молодых ученых, г. Томск, 23-26 апреля 2019 г. |o в 7 т. |f Национальный исследовательский Томский политехнический университет (ТПУ) ; под ред. И. А. Курзиной, Г. А. Вороновой |d 2019 | |
| 463 | 1 | |0 (RuTPU)RU\TPU\conf\30354 |t Т. 7 : IT-технологии и электроника |v [101-103] |d 2019 | |
| 510 | 1 | |a Image clustering in grid computing |z eng | |
| 610 | 1 | |a электронный ресурс | |
| 610 | 1 | |a труды учёных ТПУ | |
| 610 | 1 | |a кластеризация | |
| 610 | 1 | |a изображения | |
| 610 | 1 | |a грид-системы | |
| 610 | 1 | |a программное обеспечение | |
| 700 | 1 | |a Лобанов |b О. В. | |
| 702 | 1 | |a Дёмин |b А. Ю. |c специалист в области информатики и вычислительной техники |c доцент Томского политехнического университета, кандидат технических наук |f 1973- |g Антон Юрьевич |2 stltpush |4 727 | |
| 712 | 0 | 2 | |a Национальный исследовательский Томский политехнический университет |b Инженерная школа информационных технологий и робототехники |b Отделение информационных технологий |h 7951 |2 stltpush |3 (RuTPU)RU\TPU\col\23515 |
| 801 | 2 | |a RU |b 63413507 |c 20190927 |g RCR | |
| 856 | 4 | |u http://earchive.tpu.ru/handle/11683/55947 | |
| 942 | |c BK | ||